Les Aires Urbaines: l'Urbanisation de la France. - Statistiques

Statistiques générales
  • Ce quiz a été pris 141 fois
  • Le résultat moyen est 4 sur 5
Statistiques - réponses
Question Réponse % Correct
Qu'est-ce que l'urbanisation? Augmentation de la Population Urbaine.
97%
Quelle ville Française est la seule ville mondiale du pays ayant un rayonnement dans le monde entier? Paris.
94%
Quel pourcentage de la population Française vit actuellement dans une aire urbaine? 80%.
87%
Quel est l'expression utilisée pour définir l'extension des urbaines, due à l'augmentation de la population urbaine (urbanisation)? L'étalement urbain.
85%
Où se localisent les aires urbaines les plus attractives dans la France? Le Sud et l'Ouest.
40%
Aucun quiz correspondant
Distribution des résultats
% des personnes avec chaque résultat
Percentile par nombre de réponses
Votre historique - résultats
Vous n’avez pas pris ce quiz